Normal view
MARC view
- Siegel, Joel G.,
Entry Personal Name
001 - CONTROL NUMBER
- control field: 6266
003 - CONTROL NUMBER IDENTIFIER
- control field: OSt
005 - DATE AND TIME OF LATEST TRANSACTION
- control field: 20170519084754.0
008 - FIXED-LENGTH DATA ELEMENTS
- fixed length control field: 170519|| aca||aabn | a|a d
040 ## - CATALOGING SOURCE
- Original cataloging agency: OSt
- Transcribing agency: OSt
100 ## - HEADING--PERSONAL NAME
- Personal name: Siegel, Joel G.,
- Relator term: author
670 ## - SOURCE DATA FOUND
- Source citation: Work cat.: (OSt)0: Shim, Jae K., author. 6265, SCHAUM'S OUTLINE SERIES OF THEORY AND PROBLEMS of MANAGERIAL FINANCE /

PORTAL AKMAL
E-MEL JKDM
AKMAL2U
G-BAM
u-PUSTAKA